| 000 | 00666nam a2200193 4500 | ||
|---|---|---|---|
| 001 | 144831 | ||
| 003 | ES-MaACL | ||
| 005 | 20240203062548.0 | ||
| 007 | t| | ||
| 008 | 070214s1908 sp r ||||1| spa d | ||
| 100 | 1 |
_aSlocker de la Rosa, Enrique. _9106791 |
|
| 245 | 1 | 0 |
_aTratamiento del lupus _b: tesis del doctorado en Medicina / _cpresentada por... Enrique Slocker y La Rosa. |
| 260 |
_aValencia : _b[s. n.], _c1908. |
||
| 300 |
_a128 h. ; _c16 x 23 cm. |
||
| 500 | _aTesis de doctorado leĆda en la Universidad Central el 20 de junio de 1905. | ||
| 710 | 2 |
_aUniversidad Central (Madrid) _97084 |
|
| 852 |
_aES-MaACL _jT-1210-F-8 |
||
| 999 |
_c144831 _d144831 |
||